[Event "US op 123nd"]
[Site "Grand Rapids"]
[Date "2023.08.01"]
[Round "4"]
[White "Dehmelt, Karl"]
[Black "Tang, Andrew"]
[Result "0-1"]
[WhiteElo "2114"]
[BlackElo "2523"]
[PlyCount "78"]
[EventDate "2023.07.29"]
[EventType "swiss"]
[EventRounds "9"]
[EventCountry "USA"]
[SourceTitle "CBM 215 Extra"]
[Source "ChessBase"]
[SourceDate "2023.09.30"]
[SourceVersion "1"]
[SourceVersionDate "2023.09.30"]
[SourceQuality "1"]

1. e4 e5 2. Nf3 Nc6 3. Bb5 a6 4. Bxc6 dxc6 5. 0-0 Bd6 6. d4 exd4 7. Qxd4 f6 8. Be3 Ne7 9. Nbd2 Be6 10. Rad1 Ng6 11. Qc3 Qe7 12. a3 0-0-0 13. b4 Bg4 14. Rfe1 Ne5 15. Bd4 Bh5 16. h3 g5 17. g4 Bg6 18. Bxe5 fxe5 19. Qe3 Kb8 20. Nf1 h5 21. Ng3 hxg4 22. hxg4 Qd7 23. Nxe5 Qh7 24. Nxg6 Qxg6 25. e5 Rde8 26. Qd4 Qg7 27. Nh5 Rxh5 28. gxh5 Bxe5 29. Qd7 Qh8 30. h6 Rf8 31. h7 Qf6 32. Re2 Qf4 33. Qh3 Bd4 34. Rxd4 Qxd4 35. Qe6 Rh8 36. Qg8+ Ka7 37. Re8 Qg4+ 38. Kf1 Qh3+ 39. Ke2 Qh5+ 0-1

[Event "Newmarket Aurora Fall op"]
[Site "Newmarket"]
[Date "2018.10.20"]
[Round "2.7"]
[White "Rubanovski, Vladimir"]
[Black "Dehmelt, Karl"]
[Result "0-1"]
[WhiteElo "2005"]
[BlackElo "2239"]
[PlyCount "78"]
[EventDate "2018.10.20"]
[EventType "swiss"]
[EventRounds "5"]
[EventCountry "CAN"]
[SourceTitle "EXT 2022"]
[Source "ChessBase"]
[SourceDate "2021.10.06"]
[SourceVersion "1"]
[SourceVersionDate "2021.10.06"]
[SourceQuality "1"]

1. c4 Nf6 2. Nc3 e5 3. a3 d5 4. cxd5 Nxd5 5. Nf3 Nc6 6. e3 Nxc3 7. dxc3 Qxd1+ 8. Kxd1 Bf5 9. Bb5 0-0-0+ 10. Ke1 f6 11. b4 Be7 12. Bb2 a6 13. Be2 g5 14. h3 Be4 15. Rd1 h5 16. Rxd8+ Rxd8 17. Rg1 Bg6 18. Bc4 b5 19. Bb3 a5 20. Ke2 Bd3+ 21. Kd2 g4 22. hxg4 hxg4 23. Ne1 Bc4+ 24. Kc2 Bxb3+ 25. Kxb3 Rd2 26. Rf1 e4 27. Ka2 Ne5 28. Kb1 Nc4 29. Bc1 axb4 30. axb4 Bd6 31. Nc2 Be5 32. Nd4 Bxd4 33. cxd4 f5 34. f3 Rxg2 35. fxg4 fxg4 36. Rf4 g3 37. Rxe4 Re2 38. Re6 Nd2+ 39. Bxd2 Rxd2 0-1

[Event "Philadelphia op 9th"]
[Site "Philadelphia"]
[Date "2015.04.02"]
[Round "3"]
[White "Ippolito, Dean"]
[Black "Dehmelt, Karl"]
[Result "1/2-1/2"]
[WhiteElo "2414"]
[BlackElo "2246"]
[PlyCount "95"]
[EventDate "2015.04.01"]
[EventType "swiss"]
[EventRounds "9"]
[EventCountry "USA"]
[SourceTitle "CBM 165 Extra"]
[Source "ChessBase"]
[SourceDate "2015.04.21"]
[SourceVersion "1"]
[SourceVersionDate "2015.04.21"]
[SourceQuality "1"]

1. d4 Nf6 2. c4 e6 3. Nc3 Bb4 4. Qc2 d6 5. Nf3 Nbd7 6. g3 0-0 7. Bg2 e5 8. 0-0 Re8 9. Nd5 Nxd5 10. cxd5 exd4 11. a3 Bc5 12. b4 Bb6 13. Bb2 Ne5 14. Nxd4 Bd7 15. a4 a5 16. b5 Qc8 17. e3 Bh3 18. Qc3 Bxg2 19. Kxg2 Bc5 20. h3 Bb4 21. Qc2 Nd7 22. Nf5 f6 23. e4 Nc5 24. f3 Qd7 25. Rad1 Rac8 26. g4 Qf7 27. Rf2 Nd7 28. f4 Bc5 29. Rfd2 Qf8 30. g5 Qf7 31. Kh2 Qh5 32. gxf6 Qf3 33. Rg2 Qxf4+ 34. Kh1 g6 35. Qc1 Qxc1 36. Rxc1 Kf7 37. Ne7 Ra8 38. Rf1 Nb6 39. e5 dxe5 40. Bxe5 Bd6 41. Bxd6 cxd6 42. Rc2 Rad8 43. h4 Nxa4 44. Rc7 Nc5 45. Nc8+ Kf8 46. f7 Re5 47. Nxd6 Rxd5 48. Nxb7 1/2-1/2

[Event "USA tt"]
[Site "ICC INT"]
[Date "2013.09.03"]
[Round "2"]
[White "Balakrishnan, Praveen"]
[Black "Dehmelt, Karl"]
[Result "0-1"]
[WhiteElo "2089"]
[BlackElo "2278"]
[PlyCount "70"]
[EventDate "2013.08.27"]
[EventType "team-tourn"]
[EventRounds "10"]
[EventCountry "USA"]
[SourceTitle "CBM 156 Extra"]
[Source "ChessBase"]
[SourceDate "2013.10.22"]
[SourceVersion "1"]
[SourceVersionDate "2013.10.22"]
[SourceQuality "1"]
[WhiteTeam "New Jersey"]
[BlackTeam "Philadelphia"]
[WhiteTeamCountry "USA"]
[BlackTeamCountry "USA"]

1. e4 e5 2. Nf3 Nc6 3. Bb5 a6 4. Ba4 Nf6 5. d3 d6 6. 0-0 Be7 7. c3 b5 8. Bc2 0-0 9. Re1 Bb7 10. Nbd2 d5 11. d4 exd4 12. cxd4 Nb4 13. e5 Nxc2 14. Qxc2 Ne4 15. Nb3 a5 16. Nc5 Nxc5 17. dxc5 d4 18. c6 d3 19. Qd1 Bxc6 20. Re3 Bxf3 21. gxf3 Bc5 22. Rxd3 Qh4 23. Be3 Bxe3 24. Rxe3 Ra6 25. Re4 Qg5+ 26. Kh1 Rg6 27. Qf1 Rd8 28. Rae1 Rd2 29. R1e2 Rxe2 30. Rxe2 Qf5 31. Re3 h5 32. h3 c5 33. Kh2 c4 34. b3 c3 35. Qxb5 Qb1 0-1

[Event "USA tt"]
[Site "ICC INT"]
[Date "2012.10.24"]
[Round "8"]
[White "Dehmelt, Karl"]
[Black "Chandran, Kapil"]
[Result "1/2-1/2"]
[WhiteElo "2278"]
[BlackElo "2096"]
[PlyCount "169"]
[EventDate "2012.09.04"]
[EventType "team-tourn"]
[EventRounds "10"]
[EventCountry "USA"]
[SourceTitle "EXT 2013"]
[Source "ChessBase"]
[SourceDate "2012.11.22"]
[SourceVersion "1"]
[SourceVersionDate "2012.11.22"]
[SourceQuality "1"]
[WhiteTeam "Philadelphia"]
[BlackTeam "Connecticut"]
[WhiteTeamCountry "USA"]
[BlackTeamCountry "USA"]

1. e4 c5 2. Nf3 e6 3. d4 cxd4 4. Nxd4 a6 5. Bd3 Nf6 6. 0-0 e5 7. Nf3 Nc6 8. Nbd2 Bc5 9. Nc4 d6 10. Ne3 0-0 11. c4 h6 12. a3 a5 13. Rb1 Qb6 14. Nh4 a4 15. Kh1 Nd4 16. h3 Bd7 17. f4 exf4 18. Rxf4 Ne6 19. Rxf6 Bxe3 20. Bxe3 Qxe3 21. Rf3 Qc5 22. Rf5 Qd4 23. Rd5 Qf2 24. Qe1 Qxe1+ 25. Rxe1 Nc5 26. Rxd6 Be6 27. Bf1 Rfd8 28. Rxd8+ Rxd8 29. Nf3 Rd6 30. Kg1 Rb6 31. Re2 Bxc4 32. Rc2 Bxf1 33. Rxc5 Bd3 34. Ra5 Bxe4 35. Ne1 Bc6 36. Nd3 Rb3 37. Ne5 Be8 38. Nc4 Kf8 39. Nd6 Bc6 40. Ra8+ Ke7 41. Nf5+ Kd7 42. Nd4 Rxb2 43. Nxc6 Kxc6 44. Rxa4 Kd5 45. Kh2 f5 46. Ra5+ Ke4 47. Ra4+ Ke5 48. Ra5+ Kf4 49. Ra4+ Kg5 50. Kg3 Ra2 51. Kf3 Kf6 52. h4 g5 53. hxg5+ hxg5 54. Ra8 b5 55. Ra5 g4+ 56. Kg3 Rb2 57. a4 Rb3+ 58. Kh4 Rb2 59. Kg3 b4 60. Rb5 Kg5 61. a5 Rb3+ 62. Kh2 Rb1 63. a6 Ra1 64. Rxb4 Rxa6 65. Rb5 Ra2 66. Kg3 Ra3+ 67. Kh2 Kf4 68. g3+ Ke4 69. Rb4+ Ke5 70. Rb2 Rd3 71. Rf2 Rf3 72. Re2+ Kd4 73. Kg2 Kd3 74. Ra2 Re3 75. Ra3+ Ke4 76. Ra4+ Ke5 77. Ra2 Kf6 78. Kf2 Rf3+ 79. Kg2 Rc3 80. Kf2 Kg5 81. Kg2 Rc5 82. Rb2 f4 83. gxf4+ Kxf4 84. Rb4+ Kg5 85. Rb2 1/2-1/2

[Event "Chicago op 20th"]
[Site "Wheeling"]
[Date "2011.05.26"]
[Round "1"]
[White "Friedel, Joshua E"]
[Black "Dehmelt, Karl"]
[Result "1-0"]
[WhiteElo "2530"]
[BlackElo "2290"]
[PlyCount "107"]
[EventDate "2011.05.26"]
[EventType "swiss"]
[EventRounds "9"]
[EventCountry "USA"]
[SourceTitle "CBM 142 Extra"]
[Source "ChessBase"]
[SourceDate "2011.06.27"]
[SourceVersion "1"]
[SourceVersionDate "2011.06.27"]
[SourceQuality "1"]

1. e4 e5 2. Nf3 Nc6 3. Bb5 a6 4. Bc4 Nf6 5. 0-0 Be7 6. Re1 b5 7. Bb3 0-0 8. h3 Bb7 9. d3 d6 10. a3 Na5 11. Ba2 c5 12. Nc3 b4 13. Ne2 b3 14. Bxb3 Nxb3 15. cxb3 a5 16. Ng3 Re8 17. Nf5 Bf8 18. Bg5 h6 19. Bh4 g6 20. Ne3 Be7 21. Nd2 Nh7 22. Bxe7 Rxe7 23. Ndc4 Ng5 24. b4 axb4 25. axb4 Rxa1 26. Qxa1 cxb4 27. Qa4 d5 28. exd5 Bxd5 29. Nxd5 Qxd5 30. Qxb4 Rb7 31. Qa3 Rb8 32. Rxe5 Qd8 33. b4 Qd4 34. b5 Ne6 35. Re4 Qc5 36. Re5 Qd4 37. Qd6 Qxd6 38. Nxd6 Rd8 39. Nc4 Rxd3 40. b6 Rb3 41. Re2 Nc5 42. Rb2 Rxb2 43. Nxb2 Kf8 44. f4 Ke7 45. Kf2 Ke6 46. Ke3 Kd5 47. Nd3 Nb7 48. Ne5 Ke6 49. Kd4 h5 50. h4 f6 51. Nxg6 Nd6 52. Nf8+ Ke7 53. Kd5 Nb7 54. Ne6 1-0

[Event "USA tt"]
[Site "ICC INT"]
[Date "2010.10.18"]
[Round "9"]
[White "Vovsha, Eli"]
[Black "Dehmelt, Karl"]
[Result "1-0"]
[WhiteElo "2484"]
[BlackElo "2285"]
[PlyCount "63"]
[EventDate "2010.08.23"]
[EventType "team"]
[EventRounds "10"]
[EventCountry "USA"]
[SourceTitle "CBM 138 Extra"]
[Source "ChessBase"]
[SourceDate "2010.10.29"]
[SourceVersion "1"]
[SourceVersionDate "2010.10.29"]
[SourceQuality "1"]

1. e4 e5 2. Nf3 Nc6 3. d4 exd4 4. Nxd4 d6 5. Nc3 Nf6 6. Bf4 Be7 7. Qd2 Nxd4 8. Qxd4 0-0 9. 0-0-0 Nh5 10. Be3 Bf6 11. Qd2 Bxc3 12. Qxc3 Qe7 13. f3 Re8 14. Kb1 a6 15. g4 Nf6 16. g5 Nh5 17. Be2 Bf5 18. Rhe1 Bg6 19. Bc1 Kh8 20. f4 f6 21. f5 Bf7 22. Qh3 g6 23. Bxh5 gxh5 24. Qh4 Rg8 25. Rg1 Rae8 26. Rde1 Qd8 27. b3 Re5 28. gxf6 Qf8 29. Rg7 d5 30. Qf4 Rxe4 31. Rxe4 dxe4 32. Qh6 1-0

[Event "USA tt"]
[Site "ICC INT"]
[Date "2010.09.27"]
[Round "6"]
[White "Dehmelt, Karl"]
[Black "Arjun, Vishnuvardhan"]
[Result "0-1"]
[WhiteElo "2285"]
[BlackElo "2309"]
[PlyCount "146"]
[EventDate "2010.08.23"]
[EventType "team"]
[EventRounds "10"]
[EventCountry "USA"]
[SourceTitle "CBM 138 Extra"]
[Source "ChessBase"]
[SourceDate "2010.10.29"]
[SourceVersion "1"]
[SourceVersionDate "2010.10.29"]
[SourceQuality "1"]

1. e4 c5 2. Nf3 d6 3. Bb5+ Bd7 4. Bxd7+ Qxd7 5. 0-0 Nc6 6. c3 Nf6 7. d4 cxd4 8. cxd4 d5 9. e5 Ne4 10. Ne1 f6 11. f3 Ng5 12. Bxg5 fxg5 13. Qd2 e6 14. Nc2 Be7 15. Nc3 0-0 16. Rad1 Rac8 17. Kh1 Na5 18. Qd3 b5 19. Ne3 Nc4 20. Rf2 Rc7 21. Ng4 Rfc8 22. Nb1 b4 23. Rdf1 Qb5 24. Qe2 h5 25. Ne3 Qb6 26. b3 Na3 27. Nxa3 bxa3 28. Qd1 Rc3 29. Rc2 Bb4 30. Rxc3 Bxc3 31. Nc2 Bb2 32. f4 g4 33. Qd3 Qc6 34. Rf2 Rf8 35. g3 Qe8 36. f5 h4 37. gxh4 Qh5 38. Kg2 exf5 39. Qg3 Bc1 40. Ne3 Bxe3 41. Qxe3 Qxh4 42. Qg3 Qg5 43. Qf4 Qxf4 44. Rxf4 g6 45. Rf2 Rc8 46. Re2 Rc3 47. e6 Kf8 48. Re5 Ke7 49. b4 f4 50. Rxd5 Rc2+ 51. Kg1 Rxa2 52. Ra5 Kxe6 53. b5 Rb2 54. Rxa3 Rxb5 55. Rxa7 Kd5 56. Rd7+ Ke4 57. Ra7 Rb1+ 58. Kf2 Rb2+ 59. Kg1 Kxd4 60. Ra4+ Ke5 61. Ra5+ Ke4 62. Ra4+ Kf5 63. Ra5+ Kf6 64. Ra4 Kg5 65. Rc4 f3 66. Rc8 g3 67. hxg3 Kg4 68. Rg8 g5 69. Rg7 Rg2+ 70. Kf1 Rxg3 71. Rg8 Rg2 72. Rg7 Ra2 73. Rg8 Kf4 0-1

[Event "Philadelphia"]
[Site "Philadelphia"]
[Date "1989.??.??"]
[Round "7"]
[White "Shahade, Michael"]
[Black "Dehmelt, Karl"]
[Result "1/2-1/2"]
[WhiteElo "2315"]
[BlackElo "2310"]
[PlyCount "63"]
[EventDate "1989.??.??"]
[EventType "tourn"]
[EventRounds "11"]
[EventCountry "USA"]
[EventCategory "4"]
[SourceTitle "EXT 1997"]
[Source "ChessBase"]
[SourceDate "1996.11.15"]
[SourceVersion "1"]
[SourceVersionDate "1996.11.15"]
[SourceQuality "1"]

1. d4 Nf6 2. c4 e6 3. Nc3 Bb4 4. Qc2 c5 5. dxc5 Nc6 6. Nf3 Bxc5 7. Bg5 h6 8. Bh4 Be7 9. e4 d6 10. Rd1 Qa5 11. Be2 a6 12. 0-0 Bd7 13. a3 Rc8 14. Qd2 g5 15. Bg3 e5 16. Qe3 g4 17. Nh4 Qc5 18. b4 Qxe3 19. fxe3 h5 20. Rf2 b5 21. Rdf1 Rh6 22. cxb5 Nd8 23. bxa6 Rxc3 24. b5 Nxe4 25. b6 Rxa3 26. b7 Nxb7 27. axb7 Rb3 28. Rxf7 Rxb7 29. Rg7 Be6 30. Ng6 Rxg6 31. Rxg6 Bf7 32. Rg7 1/2-1/2

[Event "Philadelphia"]
[Site "Philadelphia"]
[Date "1989.??.??"]
[Round "3"]
[White "Szmetan, Ricardo"]
[Black "Dehmelt, Karl"]
[Result "0-1"]
[WhiteElo "2300"]
[BlackElo "2310"]
[PlyCount "100"]
[EventDate "1989.??.??"]
[EventType "tourn"]
[EventRounds "11"]
[EventCountry "USA"]
[EventCategory "4"]
[SourceTitle "EXT 1997"]
[Source "ChessBase"]
[SourceDate "1996.11.15"]
[SourceVersion "1"]
[SourceVersionDate "1996.11.15"]
[SourceQuality "1"]

1. d4 Nf6 2. c4 e6 3. Nc3 Bb4 4. Qc2 d6 5. a3 Bxc3+ 6. Qxc3 0-0 7. Bg5 Nbd7 8. e3 b6 9. Bd3 Bb7 10. f3 c5 11. Ne2 e5 12. 0-0 h6 13. Bh4 Qc7 14. d5 Rfe8 15. Bc2 b5 16. b3 a5 17. a4 bxc4 18. bxc4 Ba6 19. g4 e4 20. Bxf6 Nxf6 21. Nf4 Qe7 22. fxe4 Nxg4 23. h3 Ne5 24. Rab1 Bxc4 25. Rf2 Reb8 26. Rxb8+ Rxb8 27. Qxa5 Qb7 28. Kg2 Ra8 29. Qe1 Qb4 30. Qd1 Qc3 31. Qb1 Qb4 32. Qd1 Rb8 33. Nh5 Qc3 34. Ng3 g6 35. Qd2 Qxd2 36. Rxd2 Rb2 37. Rf2 Ra2 38. Bd1 Ra1 39. Bc2 Ra3 40. Ne2 Rxe3 41. Ng3 Ra3 42. Bd1 Kf8 43. Rb2 Nd3 44. Rd2 Nf4+ 45. Kh2 Rd3 46. Rxd3 Bxd3 47. a5 Ke7 48. Bc2 Bxc2 49. a6 Nxd5 50. exd5 Bb3 0-1

[Event "Philadelphia"]
[Site "Philadelphia"]
[Date "1988.??.??"]
[Round "9"]
[White "Goregliad, Sergei"]
[Black "Dehmelt, Karl"]
[Result "0-1"]
[WhiteElo "2270"]
[BlackElo "2290"]
[PlyCount "111"]
[EventDate "1988.??.??"]
[EventType "tourn"]
[EventRounds "13"]
[EventCountry "USA"]
[EventCategory "3"]
[SourceTitle "EXT 2006"]
[Source "ChessBase"]
[SourceDate "2005.11.24"]
[SourceVersion "1"]
[SourceVersionDate "2005.11.24"]
[SourceQuality "1"]

1. d4 Nf6 2. c4 e6 3. Nc3 Bb4 4. e3 0-0 5. Nge2 d5 6. a3 Be7 7. cxd5 exd5 8. h3 Re8 9. g4 Bd6 10. Bg2 c6 11. 0-0 Nbd7 12. f4 Nb6 13. Ng3 Nc4 14. Qd3 Be6 15. g5 Nd7 16. e4 dxe4 17. Bxe4 Nf8 18. f5 Bd5 19. Nxd5 Bxg3 20. Qxc4 Rxe4 21. Nc3 Qxd4+ 22. Qxd4 Rxd4 23. Kg2 Bc7 24. Be3 Rd3 25. Kf2 Re8 26. Nd1 Bb6 27. Re1 Bxe3+ 28. Nxe3 Nd7 29. Nc4 Rxe1 30. Rxe1 Kf8 31. Re3 Rd4 32. b3 Rd5 33. Rf3 Ne5 34. Nxe5 Rxe5 35. h4 Ke7 36. Kg3 f6 37. g6 hxg6 38. fxg6 f5 39. h5 Kf6 40. Kf2 Kg5 41. Rh3 Kh6 42. Kf3 Re4 43. Rh1 Rg4 44. Rd1 Kxh5 45. Rd7 Kxg6 46. Rxb7 Rh4 47. Kg2 a5 48. Rc7 Rd4 49. Rxc6+ Kg5 50. Rc3 Kf4 51. Kf2 Rd2+ 52. Ke1 Rb2 53. Kd1 g5 54. Kc1 Re2 55. Rc5 g4 56. Rxa5 0-1

[Event "Philadelphia"]
[Site "Philadelphia"]
[Date "1986.??.??"]
[Round "?"]
[White "Dehmelt, Karl"]
[Black "Donaldson, John W"]
[Result "1/2-1/2"]
[WhiteElo "2355"]
[BlackElo "2420"]
[PlyCount "136"]
[EventDate "1986.??.??"]
[EventType "tourn"]
[EventRounds "11"]
[EventCountry "USA"]
[EventCategory "5"]
[SourceTitle "EXT 1997"]
[Source "ChessBase"]
[SourceDate "1996.11.15"]
[SourceVersion "1"]
[SourceVersionDate "1996.11.15"]
[SourceQuality "1"]

1. e4 c5 2. Nf3 d6 3. Bb5+ Bd7 4. Bxd7+ Nxd7 5. 0-0 Ngf6 6. Re1 e6 7. c4 Be7 8. d4 cxd4 9. Qxd4 0-0 10. Nc3 a6 11. b3 Qc7 12. Bb2 Rad8 13. h3 Rfe8 14. Rad1 Bf8 15. Nh2 Qb8 16. Ng4 Nxg4 17. hxg4 Rc8 18. Nb1 b5 19. cxb5 axb5 20. Rc1 h6 21. Qe3 Nc5 22. Qd3 Qa8 23. a3 Rc6 24. Nd2 Rec8 25. Qe3 Be7 26. Nf3 e5 27. Rc3 Bd8 28. Qe2 Qb7 29. Rec1 Nxb3 30. Rxc6 Rxc6 31. Rxc6 Qxc6 32. Qd1 Nc5 33. Nxe5 Qc7 34. Nf3 Nxe4 35. Qd5 Qc2 36. Bd4 Bf6 37. Be3 Qc4 38. Qa8+ Kh7 39. Qe8 Nc3 40. Qd7 Qe6 41. Qb7 Ne2+ 42. Kf1 Nc3 43. Kg1 d5 44. g5 d4 45. gxf6 dxe3 46. fxe3 Qxf6 47. Qc8 g6 48. Qc5 Ne2+ 49. Kh2 Qe6 50. Qxb5 Qxe3 51. Qe5 Qxe5+ 52. Nxe5 f6 53. Nd7 Kg7 54. a4 Nd4 55. a5 Nc6 56. a6 Kf7 57. Nb6 Na7 58. Nd5 Ke6 59. Ne3 f5 60. Kg3 g5 61. Kf3 h5 62. g3 Nc6 63. Kf2 Ke5 64. Nc4+ Kd5 65. Ne3+ Ke4 66. Nc4 f4 67. Nd6+ Ke5 68. Nb5 fxg3+ 1/2-1/2

[Event "Reykjavik op"]
[Site "Reykjavik"]
[Date "1986.??.??"]
[Round "11"]
[White "Dehmelt, Karl"]
[Black "Fedorowicz, John P"]
[Result "0-1"]
[WhiteElo "2355"]
[BlackElo "2500"]
[PlyCount "156"]
[EventDate "1986.02.??"]
[EventType "swiss"]
[EventRounds "11"]
[EventCountry "ISL"]
[SourceTitle "EXT 2000"]
[Source "ChessBase"]
[SourceDate "1999.11.16"]
[SourceVersion "1"]
[SourceVersionDate "1999.11.16"]
[SourceQuality "1"]

1. e4 c5 2. Nf3 Nc6 3. Bb5 e6 4. 0-0 Nge7 5. d4 cxd4 6. Nxd4 Nxd4 7. Qxd4 a6 8. Bd3 Nc6 9. Qe3 Be7 10. Qg3 0-0 11. f4 d5 12. exd5 exd5 13. Nc3 Nb4 14. f5 Bh4 15. Qg4 Nxd3 16. cxd3 Re8 17. Qf3 Re5 18. Bf4 Rxf5 19. g4 Rxf4 20. Qxf4 Be6 21. Kh1 h6 22. Rg1 Rc8 23. Rg2 Bg5 24. Qf2 d4 25. Ne4 Be3 26. Qg3 Bd5 27. Qf3 Rc6 28. Re2 Qd7 29. h3 Rf6 30. Rxe3 dxe3 31. Qxe3 Bc6 32. Kg1 Re6 33. Re1 Qd5 34. a3 Rg6 35. Kf1 h5 36. gxh5 Qxh5 37. Re2 Bd7 38. Nf2 Qh4 39. Ke1 Bc6 40. Qe7 Qd4 41. Qe5 Qd8 42. Kd2 Re6 43. Qc5 b6 44. Qh5 Qf6 45. Rxe6 Qxb2+ 46. Ke3 fxe6 47. Ne4 Qxa3 48. Qe5 Qc1+ 49. Ke2 Bd5 50. Qb8+ Kh7 51. Qxb6 Bxe4 52. dxe4 Qc4+ 53. Kf3 Qf1+ 54. Kg3 e5 55. Qc6 a5 56. h4 Qf4+ 57. Kh3 Qf3+ 58. Kh2 Qg4 59. Qd5 Qxh4+ 60. Kg2 Qg5+ 61. Kh3 a4 62. Qd3 Qf4 63. Kg2 a3 64. Qxa3 Qxe4+ 65. Kh3 Qf5+ 66. Kg3 e4 67. Qa8 Qf3+ 68. Kh2 Qf4+ 69. Kg2 e3 70. Qd5 Kh6 71. Qg8 Qg4+ 72. Kh2 e2 73. Qh8+ Kg6 74. Qe8+ Kh7 75. Qe7 Qf4+ 76. Kg2 Qf1+ 77. Kh2 e1R 78. Qh4+ Kg8 0-1

[Event "New York op"]
[Site "New York"]
[Date "1986.??.??"]
[Round "?"]
[White "Larsen, Bent"]
[Black "Dehmelt, Karl"]
[Result "1-0"]
[WhiteElo "2575"]
[BlackElo "2355"]
[PlyCount "87"]
[EventDate "1986.03.??"]
[EventType "swiss"]
[EventRounds "9"]
[EventCountry "USA"]
[SourceTitle "EXT 1997"]
[Source "ChessBase"]
[SourceDate "1996.11.15"]
[SourceVersion "1"]
[SourceVersionDate "1996.11.15"]
[SourceQuality "1"]

1. e4 e5 2. Bc4 Bc5 3. Nc3 Nf6 4. d3 d6 5. Bg5 h6 6. Be3 Bxe3 7. fxe3 c6 8. Bb3 Qe7 9. Nf3 Nbd7 10. a3 Nf8 11. 0-0 Ng6 12. Ne2 Be6 13. Ng3 Qd7 14. Nd2 d5 15. Nf5 Bxf5 16. Rxf5 0-0-0 17. Qf1 Rhf8 18. a4 dxe4 19. Rxf6 gxf6 20. Nxe4 f5 21. Nf6 Qe7 22. Qxf5+ Kb8 23. Rf1 Rh8 24. h3 Nf8 25. Ne4 Nd7 26. Qxf7 Rh7 27. Qxe7 Rxe7 28. g4 Rf8 29. Rxf8+ Nxf8 30. Kg2 Ng6 31. Kg3 Kc7 32. h4 Rg7 33. g5 hxg5 34. h5 Nf8 35. Kg4 b6 36. h6 Re7 37. Bg8 b5 38. a5 b4 39. Kxg5 Kd8 40. Nf6 Rb7 41. Bc4 Re7 42. Kf5 Kc7 43. e4 Kd6 44. a6 1-0

[Event "Reykjavik op"]
[Site "Reykjavik"]
[Date "1986.??.??"]
[Round "1"]
[White "Nikolic, Predrag"]
[Black "Dehmelt, Karl"]
[Result "1-0"]
[WhiteElo "2565"]
[BlackElo "2355"]
[PlyCount "93"]
[EventDate "1986.02.??"]
[EventType "swiss"]
[EventRounds "11"]
[EventCountry "ISL"]
[SourceTitle "EXT 2002"]
[Source "ChessBase"]
[SourceDate "2001.11.25"]
[SourceVersion "1"]
[SourceVersionDate "2001.11.25"]
[SourceQuality "1"]

1. Nf3 d5 2. d4 Nf6 3. c4 dxc4 4. Nc3 e6 5. e4 Bb4 6. Bg5 Bxc3+ 7. bxc3 h6 8. Bxf6 Qxf6 9. Bxc4 Nd7 10. 0-0 0-0 11. e5 Qe7 12. Qe2 Rd8 13. a4 Nf8 14. Qe3 Bd7 15. Nd2 Rac8 16. Bd3 c5 17. Ne4 cxd4 18. cxd4 Bc6 19. Nd6 Rc7 20. f4 f5 21. Bc4 Kh8 22. Bb3 Rcd7 23. d5 exd5 24. Nxf5 Qb4 25. Nd4 Re7 26. Rfd1 Rde8 27. Bc2 Qc5 28. Rac1 Qb6 29. Qc3 Rc8 30. Rb1 Qd8 31. Qg3 Qc7 32. Nf5 Re6 33. Nd6 Rxd6 34. exd6 Qxd6 35. f5 Qxg3 36. hxg3 Nd7 37. a5 Nf6 38. Bd3 Ne4 39. Rdc1 a6 40. g4 Nf6 41. Bxa6 Ra8 42. Bxb7 Bxb7 43. Rxb7 Rxa5 44. Rc8+ Kh7 45. Rcc7 Ra1+ 46. Kh2 Nxg4+ 47. Kg3 1-0

[Event "Philadelphia"]
[Site "Philadelphia"]
[Date "1986.??.??"]
[Round "?"]
[White "Shahade, Michael"]
[Black "Dehmelt, Karl"]
[Result "1/2-1/2"]
[WhiteElo "2310"]
[BlackElo "2355"]
[PlyCount "86"]
[EventDate "1986.??.??"]
[EventType "tourn"]
[EventRounds "11"]
[EventCountry "USA"]
[EventCategory "5"]
[SourceTitle "EXT 1997"]
[Source "ChessBase"]
[SourceDate "1996.11.15"]
[SourceVersion "1"]
[SourceVersionDate "1996.11.15"]
[SourceQuality "1"]

1. Nf3 d5 2. d4 Nf6 3. c4 dxc4 4. e3 g6 5. Bxc4 Bg7 6. Nc3 0-0 7. e4 Nfd7 8. Be3 Nb6 9. Be2 Bg4 10. Qd2 Nc6 11. Rd1 Bxf3 12. gxf3 e5 13. d5 Ne7 14. d6 Nc6 15. dxc7 Qxc7 16. Qd6 Qc8 17. Bxb6 axb6 18. Qd7 Nd4 19. Qxc8 Rfxc8 20. a3 Bf8 21. Nd5 Rc2 22. Rd2 Rc1+ 23. Rd1 Rac8 24. Nxb6 R8c2 25. Rxc1 Rxc1+ 26. Bd1 Nxf3+ 27. Ke2 Nd4+ 28. Kd3 Bh6 29. Nc4 Bf4 30. Ne3 Ne6 31. h4 Nc5+ 32. Kd2 Rc4 33. f3 Rd4+ 34. Ke2 Nd3 35. Bc2 Nxb2 36. Rb1 Na4 37. Bxa4 Rxa4 38. Rb3 Bxe3 39. Kxe3 Kg7 40. Kf2 b6 41. Rxb6 Rxa3 42. Rb5 Ra2+ 43. Kg3 f6 1/2-1/2

[Event "New York op"]
[Site "New York"]
[Date "1985.??.??"]
[Round "6"]
[White "Dehmelt, Karl"]
[Black "Fedorowicz, John P"]
[Result "1/2-1/2"]
[WhiteElo "2320"]
[BlackElo "2520"]
[PlyCount "61"]
[EventDate "1985.03.??"]
[EventType "swiss"]
[EventRounds "9"]
[EventCountry "USA"]
[SourceTitle "EXT 2000"]
[Source "ChessBase"]
[SourceDate "1999.11.16"]
[SourceVersion "1"]
[SourceVersionDate "1999.11.16"]
[SourceQuality "1"]

1. e4 c5 2. Nf3 d6 3. Bb5+ Bd7 4. Bxd7+ Nxd7 5. 0-0 Ngf6 6. Qe2 e6 7. c3 Be7 8. d4 cxd4 9. cxd4 d5 10. e5 Ne4 11. Ne1 Qb6 12. Be3 f5 13. exf6 Bxf6 14. Nf3 0-0 15. a4 Rac8 16. Na3 Be7 17. Nb5 a6 18. Nc3 Nxc3 19. bxc3 Rxc3 20. Rab1 Qc6 21. Rfc1 Rxc1+ 22. Rxc1 Qd6 23. g3 e5 24. dxe5 Nxe5 25. Bf4 Nxf3+ 26. Qxf3 Qe6 27. Qb3 b6 28. Qe3 Qxe3 29. Bxe3 b5 30. axb5 axb5 31. Rc7 1/2-1/2

[Event "New York op"]
[Site "New York"]
[Date "1985.??.??"]
[Round "1"]
[White "Dehmelt, Karl"]
[Black "Seirawan, Yasser"]
[Result "1/2-1/2"]
[WhiteElo "2320"]
[BlackElo "2560"]
[PlyCount "52"]
[EventDate "1985.03.??"]
[EventType "swiss"]
[EventRounds "9"]
[EventCountry "USA"]
[SourceTitle "EXT 2000"]
[Source "ChessBase"]
[SourceDate "1999.11.16"]
[SourceVersion "1"]
[SourceVersionDate "1999.11.16"]
[SourceQuality "1"]

1. e4 c5 2. Nf3 e6 3. d4 cxd4 4. Nxd4 a6 5. Bd3 Nf6 6. 0-0 d6 7. c4 g6 8. Nc3 Bg7 9. Be3 0-0 10. Qe2 Nbd7 11. Rfd1 Qc7 12. Rac1 b6 13. f3 Bb7 14. Qf2 Rac8 15. Bf1 Qb8 16. Nb3 Nc5 17. Nxc5 dxc5 18. Qh4 Nh5 19. Rd3 f5 20. exf5 exf5 21. Rcd1 Rce8 22. Bc1 Bd4+ 23. Rxd4 cxd4 24. Qxd4 f4 25. Qxb6 Qe5 26. Nd5 Rf7 1/2-1/2